Personnages jouables dans Nickelodeon All-Star Brawl 2 - Statistiques

Statistiques générales
  • Ce quiz a été pris 78 fois
  • Le résultat moyen est 3 sur 17
Answers on the Grid
Answers color-coded by a green-red scale on the quiz's grid according to % correct below.
Bob l'éponge
Leonardo
Timmy Turner
Patrick
Aang
Garfield
M. Krabs
Danny Fantôme
Nigel
Lucy Loud
Azula
Sandy Ecureuil
Carlo
Donatello
Sokka
Zuko
Jimmy Neutron
Raphael
Michalengelo
Odie
Nermal
Katara
Shredder
Jon Arbuckle
Iroh
Mecha Plankton
April
Splinter
 
Statistiques - réponses
Réponse % Correct
Bob l'éponge
98%
Patrick
41%
M. Krabs
35%
Garfield
24%
Lucy Loud
18%
Carlo
16%
Donatello
14%
Aang
8%
Danny Fantôme
8%
Jimmy Neutron
8%
Mecha Plankton
8%
Raphael
6%
Iroh
2%
Nigel
2%
Zuko
2%
April
0%
Azula
0%
Aucun quiz correspondant
Distribution des résultats
% des personnes avec chaque résultat
Percentile par nombre de réponses
Votre historique - résultats
Vous n’avez pas pris ce quiz